| 000 | 00630cam a2200229 4500500 | ||
|---|---|---|---|
| 005 | 20260329005219.0 | ||
| 041 | _afre | ||
| 042 | _adc | ||
| 100 | 1 | 0 |
_aOrtoli, Sven _eauthor |
| 245 | 0 | 0 | _a“Testo”, c’est trop ? |
| 260 | _c2022. | ||
| 500 | _a84 | ||
| 690 | _aCorps | ||
| 690 | _aHomme | ||
| 690 | _aMasculin | ||
| 690 | _aPoil | ||
| 690 | _aTransidentité | ||
| 690 | _aTransition | ||
| 690 | _aVirilité | ||
| 786 | 0 | _nPhilosophie magazine | 165 | 12 | 2022-12-01 | p. 14-14 | 1951-1787 | |
| 856 | 4 | 1 | _uhttps://shs.cairn.info/magazine-philosophie-magazine-2022-12-page-14?lang=fr&redirect-ssocas=7080 |
| 999 |
_c1841380 _d1841380 |
||